Eastern Utah Libraries Catalog: Duchesne, Heber, Roosevelt, & Vernal

The diary of Mattie Spenser / (Record no. 78366)

MARC details
000 -LEADER
fixed length control field 01105cam a2200337 a 4500
001 - CONTROL NUMBER
control field 3527623
005 - DATE AND TIME OF LATEST TRANSACTION
control field 20241220131036.0
008 - FIXED-LENGTH DATA ELEMENTS--GENERAL INFORMATION
fixed length control field 961220s1997 nyu 000 1 eng
092 ## - LOCALLY ASSIGNED DEWEY CALL NUMBER (OCLC)
Classification number DALLAS
010 ## - LIBRARY OF CONGRESS CONTROL NUMBER
LC control number 96053926
020 ## - INTERNATIONAL STANDARD BOOK NUMBER
International Standard Book Number 0312155158
040 ## - CATALOGING SOURCE
Original cataloging agency DLC
Transcribing agency DLC
Modifying agency OCoLC
-- DLC
043 ## - GEOGRAPHIC AREA CODE
Geographic area code n-us-co
050 00 - LIBRARY OF CONGRESS CALL NUMBER
Classification number PS3554.A434
Item number D53 1997
082 00 - DEWEY DECIMAL CLASSIFICATION NUMBER
Classification number 813/.54
Edition number 21
100 1# - MAIN ENTRY--PERSONAL NAME
Personal name Dallas, Sandra.
9 (RLIN) 8244
245 14 - TITLE STATEMENT
Title The diary of Mattie Spenser /
Statement of responsibility, etc Sandra Dallas.
250 ## - EDITION STATEMENT
Edition statement 1st ed.
260 ## - PUBLICATION, DISTRIBUTION, ETC. (IMPRINT)
Place of publication, distribution, etc New York :
Name of publisher, distributor, etc St. Martin's Press,
Date of publication, distribution, etc 1997.
300 ## - PHYSICAL DESCRIPTION
Extent 229 p. ;
Dimensions 22 cm.
650 #0 - SUBJECT ADDED ENTRY--TOPICAL TERM
Topical term or geographic name as entry element Women pioneers
General subdivision Fiction
9 (RLIN) 6434718
651 #0 - SUBJECT ADDED ENTRY--GEOGRAPHIC NAME
Geographic name Colorado
General subdivision Fiction.
9 (RLIN) 6513977
655 #7 - INDEX TERM--GENRE/FORM
Genre/form data or focus term Diary fiction.
Source of term lcsh
9 (RLIN) 6224101
655 #7 - INDEX TERM--GENRE/FORM
Genre/form data or focus term Historical fiction.
Source of term gsafd
9 (RLIN) 6224102
906 ## - LOCAL DATA ELEMENT F, LDF (RLIN)
a 7
b cbc
c orignew
d 1
e ocip
f 19
g y-gencatlg
942 ## - ADDED ENTRY ELEMENTS (KOHA)
Koha item type BOOK
920 ## -
-- **LC HAS REQ'D # OF SHELF COPIES**
991 ## -
-- c-GenColl
-- PS3554.A434
-- D53 1997
-- 00060080689
-- Copy 1
-- BOOKS
998 ## - LOCAL CONTROL INFORMATION (RLIN)
-- a144956
Holdings
Withdrawn status Lost status Source of classification or shelving scheme Damaged status Not for loan Collection code Home library Current library Shelving location Date acquired Source of acquisition Cost, normal purchase price Total Checkouts Total Renewals Full call number Barcode Date last seen Date checked out Cost, replacement price Price effective from Koha item type
    Dewey Decimal Classification     Fiction Wasatch County Library Wasatch County Library First Floor 07/10/2017 Donation 15.99 14 5 F Dallas 34301001497504 06/24/2025 06/10/2025 15.99 03/20/2020 BOOK
This project was made possible through a grant from the Institute of Museum and Library Service administered by the Utah State Library Division.

Wasatch County Library

  • 465 East 1200 South, Heber City, Utah 84032
  • Phone 435-654-1511 | Fax 435-654-6456

Hours

  • Monday - Friday 9:30 AM - 8:00 PM
  • Saturday 9:30 AM - 1:30 PM
  • Closed Sundays and Holidays